[Event "Let's Play Chess!"]
[Site "http://www.queenalice.com/game.php?id=342367"]
[Date "2008.1.25"]
[Round "-"]
[White "spawnwolfwolverine"]
[Black "Denis_Maycon_"]
[Result "0-1"]
[WhiteElo "1636"]
[BlackElo "1627"]

1. c4 Nf6 2. d3 g6 3. e4 Bg7 4. Bg5 Nxe4 5. dxe4 Bxb2 6. Nd2 Bxa1 7. Qxa1 f6 8.
Bh6 c5 9. e5 Nc6 10. exf6 exf6 11. Bd3 Qe7+ 12. Ne2 Nd4 13. Ne4 d5 14. cxd5 Bf5
15. f3 O-O-O 16. Nxd4 Rxd5 17. Nxf5 gxf5 18. Bc4 Rd4 19. O-O fxe4 20. Be2 e3 21.
Rc1 Kb8 22. a4 f5 23. Qa3 Rc8 24. Kf1 f4 25. Rc4 Qh4 26. Rxd4 Qf2# 0-1

[Event "Invitation"]
[Site "http://www.queenalice.com/game.php?id=342955"]
[Date "2008.1.26"]
[Round "-"]
[White "SJRioPreto"]
[Black "Denis_Maycon_"]
[Result "1-0"]
[WhiteElo "1531"]
[BlackElo "1793"]

1. d4 Nf6 2. c4 g6 3. Nf3 Bg7 4. Nc3 O-O 5. e4 d6 6. Be2 e5 7. O-O Nbd7 8. Be3
a5 9. dxe5 dxe5 10. Qc2 c6 11. Na4 Qe7 12. c5 Rd8 13. Rfd1 Nf8 14. Rxd8 Qxd8 15.
Nb6 Rb8 16. Nxe5 1-0

[Event "Challenge"]
[Site "http://www.queenalice.com/game.php?id=345569"]
[Date "2008.1.30"]
[Round "-"]
[White "Croftsy"]
[Black "Denis_Maycon_"]
[Result "1-0"]
[WhiteElo "1519"]
[BlackElo "1634"]

1. e4 d5 2. e5 c5 3. Nf3 Nc6 4. h4 Bg4 5. d4 e6 6. c3 Qb6 7. g3 cxd4 8. Bg2 dxc3
9. Nxc3 Nxe5 10. Qa4+ Qc6 11. Nxe5 Qxa4 12. Nxa4 Bf5 13. O-O Bd6 14. Nf3 Nf6 15.
Bf4 Bxf4 16. gxf4 Nh5 17. Nd4 Bd3 18. Rfc1 Nxf4 19. Nc3 a6 20. Re1 O-O 21. Nce2
Ng6 22. h5 Nh4 23. Nf3 Nxg2 24. Kxg2 Rac8 25. Ne5 Bf5 26. Ng3 f6 27. Nxf5 fxe5
28. Ne7+ 1-0

[Event "AUTO-ADV-803"]
[Site "http://www.queenalice.com/game.php?id=354273"]
[Date "2008.2.14"]
[Round "1"]
[White "luizpessoa"]
[Black "Denis_Maycon_"]
[Result "0-1"]
[WhiteElo "1732"]
[BlackElo "1632"]

1. c4 e6 2. e4 d5 3. exd5 exd5 4. cxd5 Qxd5 5. Nf3 Nf6 6. Nc3 Qd8 7. Be2 Bd6 8.
Bb5+ Bd7 9. Bxd7+ Nbxd7 10. O-O O-O 11. d3 Ne5 12. Nxe5 Bxe5 13. Bg5 h6 14. Bxf6
Qxf6 15. Nd5 Qd6 16. Nc3 Bxh2+ 17. Kh1 Be5 18. d4 Qxd4 19. Qxd4 Bxd4 20. Nb5 Bb6
21. Rac1 Rac8 22. a4 a6 23. Nc3 Rfe8 24. Nd5 Kf8 25. f3 Red8 26. Rfd1 Bf2 27.
Rd2 Be3 28. Nxe3 Rxd2 29. b4 Re8 30. Nc4 Ra2 31. b5 Rxa4 32. bxa6 Rxa6 33. Nd2
Re2 34. Ne4 Rc6 35. Rb1 b6 36. Rd1 Rcc2 37. Rg1 b5 38. Kh2 b4 39. Kh3 b3 0-1

[Event "AUTO-ADV-803"]
[Site "http://www.queenalice.com/game.php?id=354274"]
[Date "2008.2.14"]
[Round "1"]
[White "Denis_Maycon_"]
[Black "luizpessoa"]
[Result "1-0"]
[WhiteElo "1582"]
[BlackElo "1732"]

1. Nf3 d5 2. d4 Nc6 3. Bf4 Bf5 4. c4 Nb4 5. Qa4+ Nc6 6. Nc3 Bd7 7. cxd5 Ne5 8.
Qb3 Nxf3+ 9. gxf3 Nf6 10. e4 a6 11. Rc1 b6 12. Na4 a5 13. Bxc7 Qc8 14. Nxb6 Rb8
15. Nxc8 Rxb3 16. axb3 Bxc8 17. Bxa5 Bd7 18. b4 e5 19. dxe5 Nh5 20. b5 Be7 21.
b6 O-O 22. Rc7 Bc8 23. Rxe7 f6 24. e6 g5 25. d6 Bxe6 26. Rxe6 Ng7 27. Re7 f5 28.
Bc4+ Kh8 29. Bc3 fxe4 30. Bxg7# 1-0

[Event "AUTO-ADV-803"]
[Site "http://www.queenalice.com/game.php?id=354287"]
[Date "2008.2.14"]
[Round "1"]
[White "Denis_Maycon_"]
[Black "Fredov"]
[Result "1-0"]
[WhiteElo "1781"]
[BlackElo "1705"]

1. d4 Nf6 2. c4 g6 3. Nc3 Bg7 4. e4 d6 5. Nf3 O-O 6. Be2 e5 7. O-O a5 8. d5 c6
9. Ne1 h5 10. Be3 Nbd7 11. dxc6 bxc6 12. Qxd6 Bb7 13. c5 Nb8 14. Qxe5 Ng4 15.
Qg3 Nxe3 16. Qxe3 Re8 17. Nf3 Bxc3 18. bxc3 Qe7 19. Nd2 Nd7 20. Bc4 Nxc5 21. f3
Nd7 22. Rab1 Ba6 23. Rfd1 Ne5 24. Bxa6 Rxa6 25. Nb3 a4 26. Nc5 Ra5 27. Nd3 Nc4
28. Qd4 Na3 29. Rb6 c5 30. Qd5 Rc8 31. Rxg6+ Kh7 32. Qxh5# 1-0

[Event "AUTO-ADV-803"]
[Site "http://www.queenalice.com/game.php?id=354288"]
[Date "2008.2.14"]
[Round "1"]
[White "Fredov"]
[Black "Denis_Maycon_"]
[Result "0-1"]
[WhiteElo "1705"]
[BlackElo "1758"]

1. e4 c5 2. Nc3 d6 3. f4 Nf6 4. d3 e6 5. Nf3 d5 6. e5 Ng8 7. Be2 Nc6 8. O-O Nge7
9. b3 d4 10. Ne4 Nd5 11. Qe1 f5 12. exf6 gxf6 13. Qh4 Be7 14. Qh5+ Kd7 15. Ba3
b6 16. Rac1 Bb7 17. c4 Nxf4 18. Qg4 Nxe2+ 19. Kh1 Nxc1 20. Bxc1 f5 21. Qh3 fxe4
22. dxe4 Qg8 23. g3 Rf8 24. Bf4 Bd6 25. e5 Nxe5 26. Bxe5 Bxe5 27. Kg1 Bxf3 28.
Re1 Qg5 0-1

[Event "AUTO-ADV-803"]
[Site "http://www.queenalice.com/game.php?id=354289"]
[Date "2008.2.14"]
[Round "1"]
[White "Denis_Maycon_"]
[Black "tewald"]
[Result "1-0"]
[WhiteElo "1674"]
[BlackElo "1864"]

1. Nf3 Nf6 2. d4 e6 3. c4 c5 4. e3 cxd4 5. exd4 d6 6. Nc3 b6 7. Bd3 Be7 8. O-O
O-O 9. b3 Bb7 10. Bb2 d5 11. cxd5 Nxd5 12. Nxd5 Qxd5 13. Bc4 Qd6 14. Ne5 Rd8 15.
Qh5 Rf8 16. Bd3 g6 17. Nxg6 fxg6 18. Bxg6 hxg6 19. Qxg6+ Kh8 20. d5+ e5 21. Qh5+
1-0

[Event "AUTO-ADV-803"]
[Site "http://www.queenalice.com/game.php?id=354290"]
[Date "2008.2.14"]
[Round "1"]
[White "tewald"]
[Black "Denis_Maycon_"]
[Result "0-1"]
[WhiteElo "1864"]
[BlackElo "1719"]

1. e4 d5 2. e5 c5 3. c3 d4 4. c4 Nc6 5. f4 Bf5 6. d3 e6 7. Nf3 Be7 8. h3 Bh4+ 9.
Nxh4 Qxh4+ 10. Kd2 Qxf4+ 11. Kc2 Nb4+ 12. Kb3 Qg3 13. Na3 Nxd3 14. Bxd3 Bxd3 15.
Ka4 a6 16. Qf3 Qxf3 17. gxf3 Ne7 18. f4 Nc6 19. b4 cxb4 20. Rd1 Bf5 21. Rd2 bxa3
22. h4 d3 23. Bxa3 b5+ 24. cxb5 axb5+ 25. Kb3 Nd4+ 26. Kb2 Nc2 27. Bd6 Nxa1 28.
Kxa1 Rc8 29. h5 Rc2 30. Rxc2 dxc2 31. Kb2 Kd7 0-1

[Event "Match Rio-pretense"]
[Site "http://www.queenalice.com/game.php?id=440302"]
[Date "2008.7.28"]
[Round "-"]
[White "SJRioPreto"]
[Black "Denis_Maycon_"]
[Result "1-0"]
[WhiteElo "2153"]
[BlackElo "1801"]

1. d4 Nf6 2. c4 g6 3. g3 Bg7 4. Bg2 O-O 5. Nc3 d6 6. Nf3 c6 7. O-O Nbd7 8. e4 e5
9. h3 Qe7 10. d5 cxd5 11. exd5 Nh5 12. Re1 f5 13. Nd4 f4 14. g4 Nhf6 15. Ne6 Rf7
16. Nxf4 Nb6 17. b3 Ne8 18. Ne6 Bxe6 19. dxe6 Qxe6 20. Be3 1-0

[Event "AUTO-ADV-803"]
[Site "http://www.queenalice.com/game.php?id=442725"]
[Date "2008.8.2"]
[Round "2"]
[White "razoman"]
[Black "Denis_Maycon_"]
[Result "0-1"]
[WhiteElo "1959"]
[BlackElo "1802"]

1. d4 Nf6 2. c4 g6 3. Nc3 Bg7 4. e4 d6 5. g3 O-O 6. Bg2 e5 7. d5 a5 8. Nge2 Na6
9. Bg5 h6 10. Be3 Ng4 11. O-O Nxe3 12. fxe3 Qg5 13. Qd2 h5 14. h4 Qg4 15. Kh2 g5
16. Bh3 Qxh3+ 17. Kg1 gxh4 18. Qe1 Bh6 19. Qf2 f5 20. gxh4 Bxe3 0-1

[Event "AUTO-ADV-803"]
[Site "http://www.queenalice.com/game.php?id=442726"]
[Date "2008.8.2"]
[Round "2"]
[White "Denis_Maycon_"]
[Black "razoman"]
[Result "0-1"]
[WhiteElo "1834"]
[BlackElo "1945"]

1. d4 e6 2. Nf3 d5 3. c4 c6 4. cxd5 cxd5 5. Nc3 Nc6 6. Bf4 h6 7. e3 a6 8. Bd3
Nf6 9. Rc1 Be7 10. O-O O-O 11. a3 Bd7 12. b4 Na7 13. Qb3 Rc8 14. Ne5 Bc6 15. a4
Ne4 16. b5 Nxc3 17. Rxc3 axb5 18. axb5 Be8 19. Rfc1 Rxc3 20. Rxc3 Qa5 21. b6 Nb5
22. Rc1 Bd8 0-1

[Event "ChessPotter"]
[Site "http://www.queenalice.com/game.php?id=503127"]
[Date "2008.12.5"]
[Round "-"]
[White "KasparovPadawan"]
[Black "Denis_Maycon_"]
[Result "1-0"]
[WhiteElo "1862"]
[BlackElo "1832"]

1. d4 Nf6 2. Bg5 Ne4 3. Be3 d5 4. Nd2 Nxd2 5. Bxd2 g6 6. e3 Bg7 7. Nf3 O-O 8. c4
c6 9. Bc3 Nd7 10. cxd5 cxd5 11. Bd3 Nf6 12. h3 Ne4 13. O-O 1-0

[Event "No random move"]
[Site "http://www.queenalice.com/game.php?id=503131"]
[Date "2008.12.5"]
[Round "-"]
[White "Denis_Maycon_"]
[Black "KasparovPadawan"]
[Result "0-1"]
[WhiteElo "1817"]
[BlackElo "1877"]

1. Nf3 d5 2. d4 Nf6 3. c4 c6 4. Nc3 dxc4 5. a4 e6 6. Bg5 Nbd7 7. e3 Qb6 8. Qc2
Qb4 9. Nd2 Qa5 10. Bxf6 Nxf6 11. Bxc4 b5 12. Bd3 Bb4 0-1

[Event "Let's Play Chess!"]
[Site "http://www.queenalice.com/game.php?id=503289"]
[Date "2008.12.6"]
[Round "-"]
[White "Denis_Maycon_"]
[Black "ZUMBI"]
[Result "1-0"]
[WhiteElo "1816"]
[BlackElo "1817"]

1. d4 d5 2. c4 Nf6 3. Nc3 Nc6 4. Nf3 Bf5 5. Bf4 Nb4 6. Qa4+ Nc6 7. Ne5 Bd7 8.
Nxd7 Qxd7 9. e3 e6 10. cxd5 exd5 11. Bb5 a6 12. Rc1 Be7 13. Bxc6 1-0

[Event "Let's Play Chess!"]
[Site "http://www.queenalice.com/game.php?id=503290"]
[Date "2008.12.6"]
[Round "-"]
[White "Denis_Maycon_"]
[Black "ZUMBI"]
[Result "1-0"]
[WhiteElo "1761"]
[BlackElo "1853"]

1. Nf3 d5 2. d4 Nc6 3. c4 Nf6 4. Nc3 Bg4 5. e3 e5 6. dxe5 Nxe5 7. cxd5 Bb4 8.
Qa4+ c6 9. Nxe5 Qxd5 10. Qxb4 Qxe5 11. Qxb7 O-O 12. Bc4 Ne4 13. Qb3 1-0

[Event "Let's Play Chess!"]
[Site "http://www.queenalice.com/game.php?id=503293"]
[Date "2008.12.5"]
[Round "-"]
[White "Denis_Maycon_"]
[Black "filomenos"]
[Result "0-1"]
[WhiteElo "1771"]
[BlackElo "1918"]

1. d4 d5 2. c4 Nc6 3. Nc3 g6 4. Nf3 e6 5. Bf4 a6 6. Rc1 dxc4 7. d5 Nce7 8. dxe6
Qxd1+ 9. Rxd1 Bxe6 10. Bxc7 Bg7 11. Ng5 Bf5 12. e4 Rc8 13. Bxc4 Be6 14. Bxe6
fxe6 0-1

[Event "Let's Play Chess!"]
[Site "http://www.queenalice.com/game.php?id=503294"]
[Date "2008.12.5"]
[Round "-"]
[White "filomenos"]
[Black "Denis_Maycon_"]
[Result "1-0"]
[WhiteElo "1907"]
[BlackElo "1783"]

1. d4 Nf6 2. Nf3 d5 3. g3 c5 4. Bg2 Nc6 5. Nc3 e6 6. Bf4 cxd4 7. Nxd4 Bc5 8.
Nxc6 bxc6 9. O-O O-O 10. Bg5 h6 11. Bxf6 Qxf6 12. e4 Ba6 13. Ne2 Qxb2 14. Qd2
1-0

[Event "Let's Play Chess!"]
[Site "http://www.queenalice.com/game.php?id=503295"]
[Date "2008.12.6"]
[Round "-"]
[White "ZUMBI"]
[Black "Denis_Maycon_"]
[Result "0-1"]
[WhiteElo "1834"]
[BlackElo "1799"]

1. e4 d5 2. exd5 Qxd5 3. Nc3 Qa5 4. Nf3 Nf6 5. Bc4 Bg4 6. O-O e6 7. d4 c6 8. Bd2
Qc7 9. Re1 Bd6 10. h3 Bh5 11. g3 Bxg3 12. Be3 O-O 0-1

[Event "Let's Play Chess!"]
[Site "http://www.queenalice.com/game.php?id=503296"]
[Date "2008.12.6"]
[Round "-"]
[White "ZUMBI"]
[Black "Denis_Maycon_"]
[Result "0-1"]
[WhiteElo "1853"]
[BlackElo "1780"]

1. e4 c5 2. Nf3 d6 3. Nc3 Nc6 4. Bb5 Bd7 5. O-O a6 6. Bd3 Nf6 7. Re1 Nb4 8. e5
Nxd3 9. cxd3 dxe5 10. Nxe5 e6 11. a4 Bd6 12. b3 Qc7 0-1